000 02812cam a22006494i 4500
003 PE-LiUPU
005 20250731170453.0
008 150706s2009 mx a rb 000 0 spa d
020 _a6074380937
020 _a9786074380934
035 _a(Sirsi) i9786074380934
040 _aPE-LiUPU
_bspa
_cPE-LiUPU
_dPE-LiUPU
_erda
049 _aPRUA
082 0 4 _a158.7
_bO44
_221
100 1 _aOlivares, Socorro,
_eautor.
245 1 0 _aPsicología del trabajo /
_cSocorro Olivares y Martín González.
264 1 _aMéxico :
_bPatria,
_c2009.
300 _a258 páginas :
_bilustraciones ;
_c25 centímetros
336 _atext
_2rdacontent
337 _aunmediated
_2rdamedia
338 _avolume
_2rdacarrier
504 _aReferencias bibliográficas al final de cada capítulo.
505 0 _aPsicología del trabajo -- Teorías de la personalidad -- Comportamiento humano en el campo laboral -- Motivación laboral -- El comportamiento grupal dentro de las organizaciones -- Aspectos socioculturales del mexicano en la organización -- Salud ocupacional -- Cómo influyen los elementos psicológicos en la toma de decisiones dentro de la organización -- Trabajo multidisciplinario de la psicología del trabajo, corrientes contemporáneas de Administración y relaciones públicas.
526 _aSEG68
526 _aSEG70
526 _aSEG69
526 _aSEG67
526 _aSEG43
526 _aP144
526 _aP143
526 _aP131
526 _aP122
526 _aP120
526 _aP117
526 _aP112
526 _aP110
526 _aP106
526 _aP101
526 _aP80
526 _aP59
526 _aP54
526 _aP35
526 _aP33
526 _aP30
541 _g001-003364;
541 _g0003;
650 0 4 _aPsicología industrial.
_9346
910 _agl20110907
910 _adbm
_bksl
_cksl
_d20190408
942 _2ddc
_cBOOK
949 _a158.7 O44
_wDEWEY
_c1
_i63625
_lCCODEBUL1
_mBUL
_p9.00
_r0
_sY
_tBOOK
_u2015-7-6
_xSALUD
_PP33
_o.STAFF. Colección Ciencias de la Salud
994 _aC0
_bPEPRU
596 _a1 3
999 _a158.7 O44
_wDEWEY
_c52534
_i63625
_d52534
_e2018-10-28
_f2021-11-3
_g5
_lCCODEBUL1
_mBUL
_n13
_p9.00
_q7
_r0
_sY
_tBOOK
_u2015-7-6
_xSALUD
_zP33
_0COMPRA
_o.STAFF. Colección Ciencias de la Salud
999 _a158.7 O44
_wDEWEY
_c2
_i80254
_f2021-11-3
_g3
_lCCODEBUL1
_mBUL
_p10.93
_r0
_sY
_tBOOK
_u2019-4-8
_xSALUD
_zP83
_0COMPRA
_1FCOMPR2
999 _a158.7 G71 2009
_wDEWEY
_c1
_iFJ01601
_d2019-9-12
_e2019-3-22
_f2022-1-17
_g4
_lCCODEBUJ1
_mBUJ
_n4
_p20.00
_q14
_r0
_sY
_tBOOK
_u2015-10-16
_xSALUD
_zP33
_0COMPRA
_o.STAFF. Colección General Juliaca
980 _81
_gALBERTO SANCHEZ Responsable de Automatización